00224nam a22000857a 4500020001800000100001900018245006100037260003100098300000900129 a9788181523211 aRajesh Chauhan aNew thinkers in public administration concepts and views aJaipurbBook enclavec2013 a192p